| 000 | 01254cam a2200217 4500 | ||
|---|---|---|---|
| 001 | ##L135250 | ||
| 008 | 061009n2006 000 0 eng u | ||
| 035 | _a(Sirsi) u135250 | ||
| 041 | 0 | _aeng | |
| 050 | 0 | 4 | _a346.4104344 $2 18 |
| 110 | 2 |
_aCivil Justice Council _94749 |
|
| 245 | 0 | 0 | _aProtocol for possession claims based on rent arrears |
| 260 |
_aLondon _bCivil Justice Council _c2006 |
||
| 520 | _aAims to encourage more pre-action contact between parties to enable court time to be used effectively. The protocol has been drafted by the Civil Justice Council further to its consultation paper "Rent arrears protocol" published on 15 June 2005 (L130374). It will come into effect from 2 October 2006. Covers the aims and scope of the protocol, initial contact, after service of statutory notices, alternative dispute resolution and court proceedings. | ||
| 590 | _aIKA171006 NTK | ||
| 650 | 2 | 4 | _aCJC PROTOCOL FOR POSSESSION CLAIMS BASED ON RENT ARREARS |
| 651 | 4 |
_aEngland and Wales _y1543- |
|
| 690 | _aMANAGEMENT-DISPUTE AVOIDANCE, MANAGEMENT AND RESOLUTION-DISPUTE MANAGEMENT AND RESOLUTION | ||
| 856 | 4 | 0 |
_uhttps://www.civiljusticecouncil.gov.uk/903.htm _zView the protocol free of charge at www.civiljusticecouncil.gov.uk... |
| 942 | _n0 | ||
| 999 |
_c105968 _d105968 |
||